000 00432pab a2200169 454500
008 180718b1968 xxu||||| |||| 00| 0 eng d
100 _aShah, M.G.
245 _aManagement of public undertakings in India
260 _c1968
300 _ap.308-321.
362 _aApr-Jun
650 _aPublic sector - India
650 _aPublic sector
773 _aIndian Journal of Public Administration
908 _aN
909 _a100129
999 _c100128
_d100128